[Event "Piacenza Province-ch"]
[Site "Piacenza"]
[Date "2015.03.08"]
[Round "5"]
[White "Falsetti, Paolo"]
[Black "Forti, Francesco"]
[Result "1-0"]
[WhiteElo "1874"]
[BlackElo "1570"]
[PlyCount "75"]
[EventDate "2015.03.06"]
[EventType "swiss"]
[EventRounds "5"]
[EventCountry "ITA"]
[SourceTitle "EXT 2017"]
[Source "ChessBase"]
[SourceDate "2016.10.25"]
[SourceVersion "1"]
[SourceVersionDate "2016.10.25"]
[SourceQuality "1"]

1. d4 Nf6 2. Bg5 g6 3. Bxf6 exf6 4. c4 f5 5. Nc3 Bg7 6. Nf3 0-0 7. Qd2 d6 8. 0-0-0 Nd7 9. e3 Nf6 10. Qc2 Re8 11. Nd2 Bd7 12. h3 a6 13. Rg1 Qb8 14. Be2 b5 15. Bf3 Ra7 16. c5 c6 17. Nb3 a5 18. cxd6 Qxd6 19. Nc5 Rb8 20. g4 Ne8 21. Nxd7 Qxd7 22. gxf5 a4 23. Bg4 Qb7 24. Ne4 b4 25. Qc5 Bf8 26. Qc4 Kh8 27. Nc5 Bxc5 28. Qxc5 Kg8 29. h4 Nf6 30. Bf3 Nd7 31. Qd6 Rc8 32. fxg6 hxg6 33. h5 Nf8 34. hxg6 fxg6 35. Be4 Rc7 36. Bxg6 Nxg6 37. Qxg6+ Rg7 38. Qe8+ 1-0

[Event "La Piazzetta op 1st"]
[Site "Casalpusterlengo"]
[Date "2014.10.05"]
[Round "4"]
[White "Falsetti, Paolo"]
[Black "Marchesotti, Giovanni"]
[Result "1-0"]
[WhiteElo "1886"]
[BlackElo "1462"]
[PlyCount "65"]
[EventDate "2014.10.03"]
[EventType "swiss"]
[EventRounds "5"]
[EventCountry "ITA"]
[SourceTitle "EXT 2016"]
[Source "ChessBase"]
[SourceDate "2015.10.08"]
[SourceVersion "1"]
[SourceVersionDate "2015.10.08"]
[SourceQuality "1"]

1. e4 c6 2. d4 d5 3. Bd3 dxe4 4. Bxe4 Nf6 5. Bf3 Bf5 6. c4 e6 7. a3 Be7 8. Nc3 h6 9. Nge2 Nbd7 10. Ng3 Bh7 11. 0-0 0-0 12. Bf4 Nb6 13. b3 g5 14. Be3 Nfd7 15. Re1 Re8 16. Bh5 Nf8 17. Nge4 Bg6 18. h4 f5 19. Bxg6 Nxg6 20. hxg5 hxg5 21. Qh5 Kg7 22. Nxg5 Bxg5 23. Bxg5 Rh8 24. Qxg6+ Kxg6 25. Bxd8 Raxd8 26. Rxe6+ Kg5 27. Rd1 Rh4 28. Ne2 Nc8 29. g3 Re4 30. Rxe4 fxe4 31. Nc3 Kf5 32. Kg2 Re8 33. d5 1-0

[Event "La Piazzetta op 1st"]
[Site "Casalpusterlengo"]
[Date "2014.10.05"]
[Round "5"]
[White "Folcini, Gaddo"]
[Black "Falsetti, Paolo"]
[Result "0-1"]
[WhiteElo "1614"]
[BlackElo "1886"]
[PlyCount "46"]
[EventDate "2014.10.03"]
[EventType "swiss"]
[EventRounds "5"]
[EventCountry "ITA"]
[SourceTitle "EXT 2016"]
[Source "ChessBase"]
[SourceDate "2015.10.08"]
[SourceVersion "1"]
[SourceVersionDate "2015.10.08"]
[SourceQuality "1"]

1. e4 c5 2. d4 cxd4 3. c3 d5 4. Qxd4 Nf6 5. e5 Nc6 6. Bb5 Ng8 7. Nf3 e6 8. 0-0 Bd7 9. Bxc6 bxc6 10. Bg5 Qb6 11. Qg4 Qxb2 12. Nbd2 Qxc3 13. Rab1 Qc2 14. Rfc1 Qg6 15. Qa4 f6 16. exf6 gxf6 17. Rxc6 Ne7 18. Nd4 fxg5 19. Re1 Nxc6 20. Nxe6 Kf7 21. Nc7 Qf5 22. Nxa8 Bc5 23. Nf3 Rxa8 0-1

[Event "La Piazzetta op 1st"]
[Site "Casalpusterlengo"]
[Date "2014.10.04"]
[Round "3"]
[White "Bongiorni, Gabriele"]
[Black "Falsetti, Paolo"]
[Result "1-0"]
[WhiteElo "1800"]
[BlackElo "1886"]
[PlyCount "67"]
[EventDate "2014.10.03"]
[EventType "swiss"]
[EventRounds "5"]
[EventCountry "ITA"]
[SourceTitle "EXT 2016"]
[Source "ChessBase"]
[SourceDate "2015.10.08"]
[SourceVersion "1"]
[SourceVersionDate "2015.10.08"]
[SourceQuality "1"]

1. d4 d5 2. c4 c6 3. Nf3 Nf6 4. e3 Bf5 5. Nc3 e6 6. a3 Nbd7 7. Bd3 dxc4 8. Bxc4 Bd6 9. Bd3 0-0 10. e4 Bg6 11. e5 Bxd3 12. Qxd3 Bxe5 13. dxe5 Ng4 14. Qe4 f5 15. exf6 Ndxf6 16. Qxe6+ Kh8 17. 0-0 Re8 18. Qb3 Qc7 19. Bg5 Nd7 20. Bh4 Nb6 21. Rad1 Nh6 22. Bg3 Qe7 23. h3 Nf5 24. Bh2 Qf6 25. Rfe1 Rf8 26. Qe6 Qxe6 27. Rxe6 Nc4 28. Rd7 Nxb2 29. Ne5 b5 30. Rxc6 a6 31. Rcc7 Rac8 32. g4 Rxc7 33. Rxc7 Nd6 34. Nd7 1-0

[Event "La Piazzetta op 1st"]
[Site "Casalpusterlengo"]
[Date "2014.10.04"]
[Round "2"]
[White "Falsetti, Paolo"]
[Black "Ferrari, Claudio"]
[Result "0-1"]
[WhiteElo "1886"]
[BlackElo "1948"]
[PlyCount "54"]
[EventDate "2014.10.03"]
[EventType "swiss"]
[EventRounds "5"]
[EventCountry "ITA"]
[SourceTitle "EXT 2016"]
[Source "ChessBase"]
[SourceDate "2015.10.08"]
[SourceVersion "1"]
[SourceVersionDate "2015.10.08"]
[SourceQuality "1"]

1. d4 d5 2. c4 e5 3. dxe5 d4 4. Nf3 Nc6 5. g3 Nge7 6. Bg5 h6 7. Bxe7 Bxe7 8. Bg2 0-0 9. 0-0 f6 10. exf6 Bxf6 11. Qd3 Qe7 12. a3 a5 13. Nbd2 a4 14. Ne4 Bf5 15. Nxf6+ Qxf6 16. Qd1 d3 17. exd3 Bg4 18. d4 Bxf3 19. Bxf3 Qxf3 20. d5 Ne5 21. Qd4 Ng6 22. Qc5 Nf4 23. gxf4 Rxf4 24. Rfe1 Rg4+ 25. Kf1 Qd3+ 26. Re2 Re8 27. Rae1 Qh3# 0-1

[Event "Piacenza Province-ch"]
[Site "Piacenza"]
[Date "2011.04.02"]
[Round "3"]
[White "Falsetti, Paolo"]
[Black "Pinna, Ferdinando"]
[Result "1-0"]
[WhiteElo "1887"]
[BlackElo "1885"]
[PlyCount "47"]
[EventDate "2011.04.01"]
[EventType "swiss"]
[EventRounds "5"]
[EventCountry "ITA"]
[SourceTitle "EXT 2024"]
[Source "ChessBase"]
[SourceDate "2023.10.10"]
[SourceVersion "1"]
[SourceVersionDate "2023.10.10"]
[SourceQuality "1"]

1. f4 d5 2. e3 Nf6 3. b3 c5 4. Bb2 Nc6 5. Bb5 Bd7 6. Nf3 e6 7. 0-0 Bd6 8. d3 0-0 9. Nbd2 a6 10. Bxc6 Bxc6 11. Ne5 Nd7 12. Qg4 Nxe5 13. fxe5 Be7 14. Rf3 Kh8 15. Raf1 Be8 16. Qxe6 Rg8 17. Qg4 Qc8 18. Qh5 Qe6 19. Rh3 h6 20. Rf6 Bxf6 21. exf6 Kh7 22. Nf3 Qxe3+ 23. Kf1 Qf4 24. Rh4 1-0

[Event "Milan Crespi op-B 28th"]
[Site "Milan"]
[Date "2007.12.07"]
[Round "2"]
[White "Falsetti, Paolo"]
[Black "Manca, Renato"]
[Result "0-1"]
[WhiteElo "1551"]
[BlackElo "1843"]
[PlyCount "65"]
[EventDate "2007.12.06"]
[EventType "swiss"]
[EventRounds "6"]
[EventCountry "ITA"]
[SourceTitle "EXT 2009"]
[Source "ChessBase"]
[SourceDate "2008.11.26"]
[SourceVersion "1"]
[SourceVersionDate "2008.11.26"]
[SourceQuality "1"]

1. d4 Nf6 2. c4 e5 3. dxe5 Ne4 4. Nf3 Bc5 5. e3 f5 6. Bd3 Bb4+ 7. Ke2 d6 8. a3 Ba5 9. b4 Bb6 10. Qc2 0-0 11. Bxe4 fxe4 12. Qxe4 Be6 13. Rd1 Qe7 14. exd6 cxd6 15. Ng5 Qxg5 16. Qxe6+ Kh8 17. Qxd6 Nc6 18. c5 Qg4+ 19. Ke1 Rad8 20. f3 Qxg2 21. Qxf8+ Rxf8 22. f4 Bd8 23. Rd7 Bh4+ 24. Kd1 Qg4+ 25. Kc2 Qxd7 26. Nc3 Bf6 27. Ra2 Bxc3 28. Kxc3 Qe6 29. Rg2 Ne7 30. Rf2 Nd5+ 31. Kd3 Rd8 32. Ke2 Nc3+ 33. Kf3 0-1